Pensamiento crítico y competencias cognitivas (Registro nro. 306843)
[ vista simple ]
| 000 -ENCABEZADO | |
|---|---|
| Número de control [NR] | 00910 a2200229 4500 |
| 005 - FECHA Y HORA DE LA ÚLTIMA TRANSACCIÓN | |
| control field | 20170627150953.0 |
| 008 - DE LONGITUD FIJA DE DATOS DE ELEMENTOS - INFORMACIÓN GENERAL | |
| Elementos de longitud fija [NR] | 170627s2017 ck ||||| |||| 00| 0 spa d |
| 020 ## - NUMERO INTERNACIONAL NORMALIZADO PARA LIBROS [R] | |
| Número Internacional Normalizado del libro [NR] | 9789587632221 |
| 040 ## - FUENTE DE CATALOGACION [NR] | |
| Agencia de catalogación original [NR] | CO-BoUCM |
| Idioma de catalogación [NR] | spa |
| Quien Cataloga | Saul Niño |
| Quien Clasifica | Saul Niño |
| 041 0# - CODIGO DE IDIOMA [R] | |
| Código de idioma para texto/pista de sonido o título separado [R] | Español |
| 100 10 - ASIENTO PRINCIPAL--NOMBRE PERSONAL [NR] | |
| Nombre personal [NR] | Cortés Sierra, Luz Bellanid |
| ID Autoridad | 86399 |
| 245 10 - MENCION DE TITULO [NR] | |
| Título [NR] | Pensamiento crítico y competencias cognitivas |
| Parte restante del título [NR] | requisitos para el cambio social |
| Mención de responsabilidad, etc. [NR] | Luz Bellanid cortés Sierra |
| 260 ## - PUBLICACION, DISTRIBUCION, ETC. (PIE DE IMPRENTA) [R] | |
| Lugar de publicación, distribución, etc. [R] | Bogotá (Colombia) |
| Nombre del editor, distribuidor, etc. [R] | Corporación Universitaria Minuto de Dios |
| Fecha de publicación, distribución, etc. [R] | 2017 |
| 300 ## - DESCRIPCION FISICA [R] | |
| Extensión [R] | 124 páginas |
| 490 0# - MENCION DE SERIE [R] | |
| Mención de serie [R] | Cuadernillos de Investigación |
| Designación numérica/secuencial del volumen [NR] | 5 |
| 490 0# - MENCION DE SERIE [R] | |
| Mención de serie [R] | Serie 2 Productividad |
| 650 #7 - ASIENTO SECUNDARIO DE MATERIA - TERMINO TEMATICO [R] | |
| 9 (RLIN) | 11268 |
| Término temático o nombre geográfico como elemento de entrada [NR] | Competencias en educación |
| Subdivisión general [R] | Aspectos sociales |
| 650 #7 - ASIENTO SECUNDARIO DE MATERIA - TERMINO TEMATICO [R] | |
| 9 (RLIN) | 21261 |
| Término temático o nombre geográfico como elemento de entrada [NR] | Pensamiento crítico |
| Subdivisión general [R] | Aspectos sociales |
| 650 #7 - ASIENTO SECUNDARIO DE MATERIA - TERMINO TEMATICO [R] | |
| 9 (RLIN) | 13832 |
| Término temático o nombre geográfico como elemento de entrada [NR] | Educación fundamental |
| Subdivisión geográfica [R] | Colombia |
| 942 ## - ELEMENTOS DE ENTRADA AGREGADOS (KOHA) | |
| Tipo de ítem principal el descrito en 300a | Libro |
| Sistema de clasificación | DEWEY |
| Tema principal | Educación |
| Edición | 1 |
| Clasificación | 370.1 |
| Parte restante de la signatura top. | C828p |
| Fecha de último préstamo | Total préstamos | Signatura topográfica | Código de barras | Última vez visto | Ejemplar | Costo de reposición | Price effective from | Tipo de ítem | Perdido | Sistema de clasificación | Dañado | No prestable | Tipo de ítem específico | Suprimido | Ubicación habitual | Ubicación actual | Localización | Fecha de creación | Proveedor | Forma de adquisición | Costo |
|---|---|---|---|---|---|---|---|---|---|---|---|---|---|---|---|---|---|---|---|---|---|
| 15/03/2024 | 2 | 370.1 C828p | 100153459 | 05/12/2025 | Ej.1 | 26000.00 | 16/06/2017 | Libro | DEWEY | Libro | Claustro | Claustro | 2do piso | 16/06/2017 | 12 | Donación | 0.00 |